[Event "TCh-NED 2005-6"]
[Site "Netherlands NED"]
[Date "2006.04.23"]
[Round "9"]
[White "Van der Elburg,F"]
[Black "Van Leent,D"]
[Result "1/2-1/2"]
[WhiteElo "2341"]
[BlackElo "2302"]

1.c4 e5 2.g3 Nc6 3.Bg2 g6 4.Nc3 Bg7 5.e4 d6 6.Nge2 f5 7.d3 Nf6 8.O-O O-O
9.Nd5 Ne7 10.Nxf6+ Bxf6 11.Bh6 Rf7 12.Be3 c6 13.Qb3 b6 14.exf5 Bxf5 15.d4 Be6
16.d5 cxd5 17.cxd5 Bc8 18.Qa3 Nf5 19.Bd2 a5 20.Nc3 Nd4 21.Rac1 Bf5 22.Be3 Nc2
23.Qb3 Nxe3 24.fxe3 Rc8 25.Nb5 Rc5 26.Rxc5 bxc5 27.e4 Bg4 28.Nc3 Qd7 29.Qb6 Bg5
30.Qb5 Qe7 31.Qd3 Qf8 32.Rxf7 Qxf7 33.h3 Bd7 34.a4 Qf8 35.Qe2 Qc8 36.Kh2 h5
37.b3 Qf8 38.Bf3 Qh6 39.h4 Be7 40.Nd1 g5 41.hxg5 Bxg5 42.Bxh5 Be8 43.g4 Bd7
44.Kg1 Bf4 45.Nb2 Qg5 46.Nc4 Qh4 47.Qf3 Qe1+ 48.Kg2 Qc1 49.Qd3 Kf8 50.Nxd6 Qb2+
51.Kf1 Qc1+ 52.Kf2 Qb2+ 53.Ke1 Qc1+ 54.Ke2 Qb2+ 55.Kf1  1/2-1/2

[Event "XXIV Open"]
[Site "Metz FRA"]
[Date "2006.04.25"]
[Round "4"]
[White "Bauer,Ch"]
[Black "Karpatchev,A"]
[Result "1-0"]
[WhiteElo "2638"]
[BlackElo "2521"]

1.c4 e5 2.g3 Nf6 3.Bg2 d5 4.cxd5 Nxd5 5.Nf3 Nc6 6.O-O Nb6 7.Nc3 Be7 8.a3 O-O
9.b4 Be6 10.Rb1 f6 11.d3 a5 12.b5 Nd4 13.Nd2 Bd5 14.Nde4 a4 15.Nxd5 Nxd5
16.e3 f5 17.exd4 fxe4 18.Qg4 exd4 19.Bb2 Nc3 20.Bxe4 Nxe4 21.Qxe4 b6 22.Rbc1 Bc5
23.Rc4 Qd7 24.Bxd4 Bxa3 25.Be5 Bd6 26.Bxd6 Qxd6 27.Rc6 Qd7 28.Ra1 a3 29.Qc4+ Rf7
30.Qb3 Qe7 31.Re6 Qc5 32.Re2 h6 33.Kg2 Qf5 34.f4 Kh7 35.Re5 Qg6 36.Re4 Rd7
37.Rxa3 Rxd3 38.Qxd3 Rxa3 39.Qd5 Ra2+ 40.Kh3 Rd2 41.Qxd2 Qf5+ 42.Kh4 Qxe4
43.Qd7 Qc2 44.h3 Qc3 45.Kg4 Qc4 46.Kf5 Qc5+ 47.Ke6 Qe3+ 48.Kf7 Qxg3 49.Qf5+ g6
50.Qe5 Qb3+ 51.Kf6 Qg8 52.Qxc7+ Kh8 53.Qf7 Qd8+ 54.Kxg6 Qd3+ 55.Qf5 Qg3+
56.Kf6 Qg7+ 57.Ke6 Qg8+ 58.Ke7 Qg1 59.Kd6 Qd4+ 60.Kc6 Qd8 61.Qe5+  1-0

[Event "XXIV Open"]
[Site "Metz FRA"]
[Date "2006.04.27"]
[Round "6"]
[White "Marchal,R"]
[Black "Vandervorst,M"]
[Result "0-1"]
[WhiteElo "1690"]
[BlackElo "1926"]

1.c4 e5 2.g3 Nf6 3.Bg2 c6 4.Nc3 d5 5.cxd5 cxd5 6.d3 Nc6 7.Nf3 d4 8.Nb1 Bb4+
9.Bd2 Bxd2+ 10.Nbxd2 O-O 11.O-O h6 12.Nc4 Re8 13.Nfd2 Rb8 14.Ne4 Nxe4 15.Bxe4 Bh3
16.Bg2 Qd7 17.Nd2 a6 18.a3 Bxg2 19.Kxg2 Qd5+ 20.Kg1 f5 21.Qb3 Qxb3 22.Nxb3 e4
23.Rfe1 Rbd8 24.Rac1 exd3 25.exd3 Ne5 26.Red1 Re7 27.Kg2 Kf7 28.Nc5 g5 29.b4 Kf6
30.h3 h5 31.Rd2 Rd6 32.Rcc2 h4 33.g4 Rc6 34.Nb3 fxg4 35.hxg4 Rxc2 36.Rxc2 Nxg4
37.Nxd4 Rd7 38.Nb3 Rxd3 39.Nc5 h3+ 40.Kf1 Rxa3 41.Ne4+ Kg6 42.Ng3 Rxg3 43.Rc7 h2  0-1

[Event "4th TCh-SCG"]
[Site "Vrnjacka Banja SCG"]
[Date "2006.05.02"]
[Round "2"]
[White "Jovic,A"]
[Black "Donevski,D"]
[Result "1-0"]
[WhiteElo "2396"]
[BlackElo "2124"]

1.c4 e5 2.g3 Nf6 3.Bg2 d5 4.cxd5 Nxd5 5.Nc3 Nb6 6.d3 Nc6 7.Nf3 Be7 8.O-O O-O
9.Be3 Be6 10.Rc1 Nd5 11.Bd2 Nxc3 12.bxc3 f6 13.Qc2 Qd7 14.Rfd1 Rfd8 15.Be1 Qe8
16.d4 Qf7 17.e4 Ba3 18.d5 Bxc1 19.dxe6 Qxe6 20.Rxc1 a5 21.a4 Rd7 22.Bf1 Qe7
23.Qb3+  1-0

[Event "White Nights Open"]
[Site "St Petersburg RUS"]
[Date "2006.06.01"]
[Round "9"]
[White "Karasev,V"]
[Black "Altshul,R"]
[Result "1-0"]
[WhiteElo "2386"]
[BlackElo "2291"]

1.c4 e5 2.g3 Nc6 3.Bg2 Bc5 4.e3 d6 5.Nc3 a6 6.Nge2 Nge7 7.O-O h5 8.d4 Ba7
9.d5 Nb8 10.h4 Nd7 11.e4 Nf6 12.Qd3 Ng4 13.Nd1 Ng8 14.Kh1 f6 15.f3 N4h6 16.f4 Ng4
17.f5 Qe7 18.b4 g6 19.fxg6 Qg7 20.Ne3 N8h6 21.Nf5 Qxg6 22.Nxh6 Nxh6 23.Be3 Bxe3
24.Qxe3 Ng4 25.Qf3 O-O 26.c5 Bd7 27.c6 bxc6 28.dxc6 Bxc6 29.Nc3 Qh6 30.Nd5 Bxd5
31.exd5 f5 32.Bh3 Qd2 33.Bxg4 hxg4 34.Qb3 Rab8 35.a3 Rb5 36.Rad1 Qe2 37.Rde1 Qd2
38.Rd1 Qe2 39.Kg1 f4 40.Rfe1 Qf3 41.Rd3 fxg3 42.Rxf3 gxf3 43.Kf1  1-0

[Event "28th Nezhmetdinov mem"]
[Site "Kazan RUS"]
[Date "2006.06.07"]
[Round "7"]
[White "Askarov,M"]
[Black "Kabanov,N"]
[Result "1-0"]
[WhiteElo "2438"]
[BlackElo "2504"]

1.c4 e5 2.g3 d6 3.Bg2 g6 4.Nc3 Bg7 5.e3 f5 6.Nge2 Nf6 7.O-O O-O 8.d3 c6 9.b4 Be6
10.b5 g5 11.Rb1 Rf7 12.bxc6 bxc6 13.f4 gxf4 14.gxf4 Kh8 15.Ng3 exf4 16.Rxf4 Ng4
17.Nce2 Bd7 18.h3 Ne5 19.Ba3 Bf8 20.Qd2 Na6 21.Rbf1 Ng6 22.R4f2 Nh4 23.Nh5 h6
24.Bb2+ Kh7 25.Kh2 Be7 26.Bh1 Bg5 27.Bd4 Nc5 28.Nhf4 Qc7 29.Rg1 Re8 30.Bc3 Rfe7
31.Rg3 Ne6 32.Nh5 Rf8 33.Nef4 Be8 34.Nxe6 Rxe6 35.Nf4 Re7 36.Rf1 Bg6 37.Qf2 Ree8
38.Rfg1 Qe7 39.Bxc6 Rb8 40.Bd5 Bf7 41.Bxf7 Rxf7 42.Nd5 Qd8 43.Qe2 Rbb7 44.Rxg5  1-0

[Event "ch-FIN"]
[Site "Helsinki FIN"]
[Date "2006.06.15"]
[Round "6"]
[White "Vuorisalo,V"]
[Black "Luukkonen,T"]
[Result "1-0"]
[WhiteElo "2184"]
[BlackElo "2193"]

1.c4 e5 2.g3 Nf6 3.Bg2 c6 4.d4 exd4 5.Qxd4 d5 6.Nf3 Be6 7.cxd5 cxd5 8.O-O Nc6
9.Qa4 Bc5 10.Nc3 O-O 11.Bg5 h6 12.Bf4 d4 13.Nb5 g5 14.Rac1 a6 15.Nc7 Qe7
16.Nxa8 gxf4 17.Nc7 fxg3 18.hxg3 Bg4 19.Qc4 Ba7 20.Nxa6 Rc8 21.Qb5 bxa6 22.Qxa6 Bc5
23.a3 Nb8 24.Qb5 Bd7 25.Qd3 Nc6 26.b4 Bb6 27.Qb5 Bd8 28.Qa6 Rc7 29.Qd3 Ra7
30.Rfd1 Qd6 31.Nxd4 Ne5 32.Qc3 Qb6 33.Qb2 Nfg4 34.e3 Qg6 35.Rc3 Qh5 36.Qb1 Ra6
37.Rd2 Bf6 38.Qe4 Rd6 39.Rdc2 Nh2 40.f3 Ba4 41.Rc8+ Bd8 42.R2c5 Rxd4 43.exd4 Nexf3+
44.Kf2 Ng4+ 45.Kxf3 Nf6+  1-0

[Event "Open A"]
[Site "Voronezh RUS"]
[Date "2006.06.16"]
[Round "5"]
[White "Terentiev,V"]
[Black "Popov,Iv RUS"]
[Result "0-1"]
[WhiteElo "2343"]
[BlackElo "2482"]

1.g3 e5 2.c4 Nc6 3.Bg2 g6 4.Nc3 Bg7 5.e3 d6 6.Nge2 Be6 7.d3 Qd7 8.h3 Nge7
9.Nd5 Nd8 10.d4 c6 11.e4 f5 12.Nxe7 Qxe7 13.d5 Bd7 14.O-O O-O 15.Be3 f4 16.gxf4 Qh4
17.fxe5 Bxh3 18.Bxh3 Qxh3 19.Nf4 Qh4 20.Ng2 Qxe4 21.e6 cxd5 22.Qxd5 Qxe6
23.Rad1 Qxd5 24.Rxd5 Nf7 25.b3 Rfe8 26.Rfd1 b6 27.a4 Bc3 28.Bd4 Bxd4 29.R5xd4 Re5
30.Ne3 Kg7 31.Rd5 Rae8 32.Rxe5 Rxe5 33.Kf1 h5 34.Nd5 h4 35.f4 Re8 36.Kf2 Nh6
37.Ne3 Rf8 38.Rxd6 Rxf4+ 39.Kg2 g5 40.a5 g4 41.Rd7+ Nf7 42.a6 h3+ 43.Kg1 g3
44.Rxa7 h2+ 45.Kh1 Kg6 46.Ra8 Rf3 47.Re8 Nd6 48.Rg8+ Kf7 49.a7 Rxe3 50.Rxg3 Re1+
51.Kxh2 Ra1 52.Rh3 Ra2+ 53.Kg3 Ke7 54.Rh5 Nc8 55.Rh7+ Kd8 56.c5 b5 57.a8=Q Rxa8
58.Rb7 Ra1 59.Kf2 Na7 60.c6 Kc8  0-1

[Event "Open A"]
[Site "Balatonlelle HUN"]
[Date "2006.06.17"]
[Round "1"]
[White "Metaxasz,V"]
[Black "Seres,L"]
[Result "0-1"]
[WhiteElo "2127"]
[BlackElo "2400"]

1.c4 e5 2.g3 Nf6 3.Bg2 d5 4.cxd5 Nxd5 5.Nf3 Nc6 6.O-O Nb6 7.d3 Be7 8.Nc3 O-O
9.Be3 Re8 10.Rc1 Bf8 11.Na4 e4 12.Ne1 Nxa4 13.Qxa4 Bg4 14.Rc2 Bd7 15.Rd2 Bb4  0-1

[Event "National Open"]
[Site "Las Vegas USA"]
[Date "2006.06.17"]
[Round "4"]
[White "Hanken,J"]
[Black "Hansen,Er"]
[Result "1/2-1/2"]
[WhiteElo "2007"]
[BlackElo "1835"]

1.c4 e5 2.g3 Nf6 3.Bg2 Nc6 4.Nc3 Bb4 5.Nd5 Bc5 6.e3 O-O 7.Ne2 Re8 8.O-O d6
9.d4 Bb6 10.Nxb6 axb6 11.Nc3 Bf5 12.d5 Nb4 13.e4 Bd7 14.Bg5 h6 15.Bxf6 Qxf6
16.Qd2 Na6 17.Nb5 Rec8 18.b4 Rd8 19.a4 c6 20.Na3 cxd5 21.cxd5 Bxa4 22.Rfc1 b5
23.Rab1 Rac8 24.Bh3 Rxc1+ 25.Qxc1 Qf3 26.Qe3 Qxe3 27.fxe3 Kf8 28.Kf2 Ke7
29.Ke2 Nc7 30.Rc1 Bb3 31.Ra1 Ra8 32.Kd3 Ra4 33.Kc3 Bc4 34.Nc2 Rxa1 35.Nxa1 Be2
36.Nb3 b6 37.Nd2 g6 38.Bf1 Bxf1 39.Nxf1 Kf6 40.g4 Ke7 41.Ng3 Ne8 42.h3 Nf6
43.h4 h5 44.gxh5 gxh5 45.Nf5+ Kd7 46.Kd3 Ng4 47.Ng3  1/2-1/2

[Event "ch-FIN"]
[Site "Helsinki FIN"]
[Date "2006.06.18"]
[Round "9"]
[White "Vuorisalo,V"]
[Black "Salimaki,J"]
[Result "1/2-1/2"]
[WhiteElo "2184"]
[BlackElo "2193"]

1.c4 e5 2.g3 d6 3.Bg2 f5 4.Nc3 Nf6 5.d3 Be7 6.e4 c6 7.Nge2 O-O 8.O-O Kh8
9.h3 Be6 10.exf5 Bxf5 11.g4 Be6 12.Ng3 Nbd7 13.b3 Qe8 14.Kh2 Rd8 15.f4 exf4
16.Bxf4 Ne5 17.d4 Ng6 18.Qd2 Nxf4 19.Rxf4 d5 20.c5 Qd7 21.Re1 Rde8 22.Rf3 Bd8
23.Ref1 h6 24.Kg1 Nh7 25.Nh5 Bg5 26.Qd3 Rxf3 27.Rxf3 Rf8 28.Ne2 Rxf3 29.Qxf3 Qf7
30.Qg3 Nf6 31.Nhf4 Nd7 32.h4 Bd8 33.g5 Bf5 34.Bh3 hxg5 35.hxg5 g6 36.Qh4+ Kg8
37.Qg3 Bc7 38.Qe3 Bxh3 39.Nxh3 Qf5 40.Nf2 Nf8 41.Qe7 Qf7 42.Qe3 Qe6 43.Qf3 Bd8
44.Nh3 Nh7 45.Nef4 Qf5 46.Qe2 Bxg5 47.Qe8+ Nf8 48.Nxg6 Be3+  1/2-1/2

[Event "National Open"]
[Site "Las Vegas USA"]
[Date "2006.06.18"]
[Round "6"]
[White "Small,G"]
[Black "Fontaine,R"]
[Result "0-1"]
[WhiteElo "2254"]
[BlackElo "2521"]

1.c4 e5 2.g3 Nf6 3.Bg2 c6 4.d4 Bb4+ 5.Bd2 Bxd2+ 6.Qxd2 d6 7.Nc3 O-O 8.e3 Be6
9.b3 exd4 10.Qxd4 d5 11.cxd5 Bxd5 12.Bxd5 cxd5 13.Nge2 Nc6 14.Qf4 Qd7 15.O-O Rfe8
16.Rad1 Ne5 17.Kg2 Rad8 18.Rd2 Qc6 19.Qa4 Qxa4 20.Nxa4 Ne4 21.Rd4 Rc8 22.Rxd5 Rc2
23.Rc1 Rxc1 24.Nxc1 Ng4 25.Rd7 b5 26.Nb2 Ngxf2 27.Rxa7 f5 28.Nbd3 Ng4 29.Kf3 Nxh2+
30.Kf4 Nd6 31.Nc5 h6 32.e4 g5+ 33.Ke3 fxe4 34.Ne2 Nf5+ 35.Kf2 Ng4+ 36.Kg2 Nfe3+
37.Kh3 Nf2+ 38.Kh2 Rf8 39.Ne6 Nfg4+ 40.Kh3 Rf2  0-1

[Event "Open A"]
[Site "Balatonlelle HUN"]
[Date "2006.06.19"]
[Round "3"]
[White "Metaxasz,V"]
[Black "Dunne,P"]
[Result "1-0"]
[WhiteElo "2127"]
[BlackElo "1879"]

1.c4 e5 2.g3 Nf6 3.Bg2 Nc6 4.Nc3 Bc5 5.a3 a5 6.e3 d6 7.Nge2 Bg4 8.h3 Bxe2
9.Qxe2 O-O 10.O-O Re8 11.d3 Qd7 12.Rb1 Rad8 13.Kh2 h6 14.Bd2 Ra8 15.Qd1 Nd8
16.b4 axb4 17.axb4 Bb6 18.Ra1 Rxa1 19.Qxa1 c6 20.Qa2 Ne6 21.Rb1 Ng5 22.b5 c5
23.f4 exf4 24.gxf4 Ne6 25.Rf1 Bc7 26.Bxb7 Ng5 27.Bg2 d5 28.cxd5 Ng4+ 29.hxg4 Qxg4
30.Bc1 Re5 31.Qf2 Nf3+ 32.Qxf3 Rh5+ 33.Bh3 Qh4 34.Ne4 f5 35.Qg3 fxe4 36.Qxh4 Rxh4
37.dxe4 g5 38.Kg3 c4 39.e5 c3 40.Be6+ Kf8 41.fxg5+  1-0

[Event "Open"]
[Site "Teplice CZE"]
[Date "2006.06.21"]
[Round "6"]
[White "Benes,Pe1"]
[Black "Kotek,D"]
[Result "1-0"]
[WhiteElo "2189"]
[BlackElo "2301"]

1.c4 e5 2.g3 Nf6 3.Bg2 c6 4.d4 exd4 5.Qxd4 d5 6.Nf3 Na6 7.O-O Bc5 8.Qe5+ Qe7
9.cxd5 Nb4 10.Nc3 Qxe5 11.Nxe5 Nbxd5 12.Nxd5 Nxd5 13.Rd1 Be6 14.Nd3 Bb6 15.e4 Nf6
16.Bf4 Rd8 17.b4 Bd4 18.Rac1 Bxa2 19.Nc5 Bxc5 20.Rxd8+ Kxd8 21.bxc5 Be6 22.Be5 Kc8
23.f4 Re8 24.h3 Bd7 25.Ra1 a6 26.Ra4 Rg8 27.f5 Ne8 28.g4 g6 29.Kf2 Nc7 30.Bf1 Re8
31.Be2 Nb5 32.Kf3 Rf8 33.Bg7 Rg8 34.Bf6 gxf5 35.gxf5 Rg1 36.Kf2 Rg8 37.Ra1 Nc7
38.Bc4 Ne8 39.Be5 Rf8 40.Rg1 f6 41.Bf4 h5 42.Rg6 Rh8 43.h4 b5 44.cxb6 Kb7
45.Be3 Nd6 46.Bd3 Ne8 47.Rg1 Nd6 48.Rg7 Rd8 49.Bc5 Nc8 50.e5 fxe5 51.f6 Nxb6
52.f7 a5 53.f8=Q Rxf8+ 54.Bxf8  1-0

[Event "Open A"]
[Site "Voronezh RUS"]
[Date "2006.06.21"]
[Round "9"]
[White "Kabanov,N"]
[Black "Golovin,Leo"]
[Result "1-0"]
[WhiteElo "2504"]
[BlackElo "2418"]

1.g3 e5 2.c4 Nc6 3.Bg2 Nf6 4.Nf3 Bc5 5.O-O d6 6.Nc3 O-O 7.e3 Re8 8.d4 Bb4
9.d5 Na5 10.Ne2 e4 11.Nfd4 c5 12.dxc6 Nxc6 13.a3 Bc5 14.Nxc6 bxc6 15.b4 Bb6
16.Bb2 Ba6 17.Rc1 d5 18.b5 cxb5 19.c5 Bc7 20.Nd4 Qd7 21.c6 Qc8 22.Re1 Be5
23.Qb3 Rb8 24.Qb4 Qc7 25.Bf1 Bd6 26.Qd2 Ng4 27.Nf5 Ne5 28.Bxe5 Bxe5 29.Nd4 Rb6
30.Rc5 Bxd4 31.Qxd4 Rxc6 32.Rxd5 Qb6 33.Qb4 Rc2 34.Rd6 Rc6 35.Red1 Qc7  1-0

[Event "Open A"]
[Site "Balatonlelle HUN"]
[Date "2006.06.24"]
[Round "8"]
[White "Metaxasz,V"]
[Black "Wegerer,J"]
[Result "1/2-1/2"]
[WhiteElo "2127"]
[BlackElo "2079"]

1.c4 e5 2.g3 Nf6 3.Bg2 Nc6 4.Nc3 Bc5 5.a3 a6 6.e3 O-O 7.Nge2 Re8 8.d3 d6
9.O-O Bf5 10.b4 Bb6 11.Bb2 Rb8 12.h3 h6 13.g4 Bh7 14.Ng3 Ne7 15.Nd5 Nfxd5
16.cxd5 f5 17.gxf5 Nxf5 18.Nxf5 Bxf5 19.Qe2 Qh4 20.Kh2 Re7 21.Rac1 Rf7 22.Rc4 Qe7
23.f4 exf4 24.Rcxf4 Rbf8 25.e4 Bd7 26.Rxf7  1/2-1/2

[Event "III Open"]
[Site "Sanxenxo ESP"]
[Date "2006.06.27"]
[Round "2"]
[White "Perez Fungueiro,M"]
[Black "Hamdouchi,H"]
[Result "0-1"]
[WhiteElo "2255"]
[BlackElo "2559"]

1.c4 e5 2.g3 Nf6 3.Bg2 h6 4.d3 Bc5 5.Nc3 O-O 6.Nf3 d6 7.O-O a6 8.a3 Ba7 9.b4 Nc6
10.Bb2 Rb8 11.Nd2 Ne7 12.Nd5 Nfxd5 13.cxd5 f5 14.Rc1 Bd7 15.Qc2 Rc8 16.Nc4 f4
17.Kh1 Qe8 18.gxf4 Rxf4 19.e3 Rh4 20.Qe2 b5 21.Nd2 Bg4 22.f3 Nf5 23.Ne4 Bh5
24.Rc6 Bxe3 25.Bc1 Bb6 26.Qe1 Qe7 27.f4 Rf8 28.Bb2 exf4 29.Bf3 Ng3+ 30.Kg2 Nxe4  0-1

[Event "III Open"]
[Site "Sanxenxo ESP"]
[Date "2006.06.30"]
[Round "5"]
[White "Perez Fungueiro,M"]
[Black "Reinaldo Castineira,R"]
[Result "1/2-1/2"]
[WhiteElo "2255"]
[BlackElo "2441"]

1.c4 e5 2.g3 Nc6 3.Bg2 Bc5 4.Nc3 a6 5.e3 d6 6.Nge2 Nf6 7.b3 O-O 8.O-O Ba7
9.h3 Ne7 10.f4 c6 11.Ba3 Re8 12.g4 exf4 13.Nxf4 h6 14.Qf3 Be6 15.Nxe6 fxe6
16.Ne4 Nxe4 17.Qf7+ Kh8 18.Bxe4 Qa5 19.Bb2 Qg5 20.Qxe6 Ng8 21.Qg6 Qxg6 22.Bxg6 Re6
23.Bf5 Re7 24.Rf3 Rd8 25.Raf1 d5 26.cxd5 cxd5 27.Rf4 Bb8 28.R4f3 Ba7 29.Ba3 Rc7
30.Bd3 Nf6 31.h4 d4 32.e4 Bc5 33.g5 hxg5 34.hxg5 Bxa3 35.gxf6 gxf6 36.Rxf6 Rc1
37.e5 Rg8+ 38.Rg6 Rxg6+ 39.Bxg6 Kg7 40.Be4 b6 41.Kf2 Rxf1+ 42.Kxf1 Kf7 43.Bf5 Bb4
44.Ke2 Ke7 45.d3 Kd8 46.Kf3 Be1 47.Ke4 Bf2 48.Kd5 Kc7 49.Ke6 Bh4 50.Be4 a5
51.Kd5 Bf2 52.Bf5 Be3 53.e6 Bg5 54.Kxd4 Kd6 55.Kc4 Be3 56.d4 Bg1 57.Bh3 Bf2
58.Kd3 Bg1 59.Kc4 Bf2 60.d5 Bc5 61.Bg2 Bf2 62.Kb5 Bc5 63.Ka6 Kc7 64.Kb5 Kd6
65.Bf3 Kc7 66.Kc4 Kd6 67.Kd3 Ke7 68.Ke4 Bd6  1/2-1/2

[Event "Open"]
[Site "Kavala GRE"]
[Date "2006.07.05"]
[Round "2"]
[White "Shavtvaladze,N"]
[Black "Heberla,B"]
[Result "1/2-1/2"]
[WhiteElo "2383"]
[BlackElo "2551"]

1.c4 e5 2.g3 Nc6 3.Bg2 f5 4.Nc3 Nf6 5.d3 Bb4 6.Bd2 O-O 7.e3 d6 8.Nge2 Be6
9.O-O Qd7 10.Nd5 Bxd2 11.Qxd2 Rae8 12.Nec3 Nd8 13.Nxf6+ Rxf6 14.f4 c6 15.b3 Bf7
16.d4 e4 17.d5 c5 18.g4 fxg4 19.Nxe4 Rh6 20.Ng3 Rf6 21.Rae1 h5  1/2-1/2

[Event "ch-SWE"]
[Site "Gothenburg SWE"]
[Date "2006.07.06"]
[Round "6"]
[White "Karlsson,L"]
[Black "Agrest,E"]
[Result "1/2-1/2"]
[WhiteElo "2506"]
[BlackElo "2569"]

1.g3 e5 2.c4 Nf6 3.Bg2 h6 4.b3 Bc5 5.Bb2 O-O 6.e3 Re8 7.Ne2 d5 8.cxd5 Nxd5
9.O-O Bf8 10.d4 e4 11.Nec3 Nf6 12.Nd2 Bf5 13.f3 exf3 14.Qxf3 Bc8 15.Nde4 Nbd7
16.g4 Nb6 17.Nxf6+ Qxf6 18.Qxf6 gxf6 19.Rae1 Rb8 20.h3 Be7 21.e4 a5 22.Ne2 a4
23.Nf4 axb3 24.axb3 Ra8 25.Nh5 Ra2 26.Bc1 Nd7 27.Bxh6 Ra3 28.e5 Bb4 29.Rc1 c6
30.Rxf6 Rxb3 31.Rcf1 Bc3 32.Rd6 Re6 33.Nf6+ Nxf6 34.Rxf6 Re8 35.g5 Bb4 36.g6 fxg6
37.Rxg6+ Kh8 38.Rdf6 Rg8 39.Rxg8+ Kxg8 40.d5 Bxh3 41.Bxh3 Rxh3 42.d6 Rd3
43.Rf8+ Kh7 44.Bf4 Kg7 45.Rb8 b5 46.Rc8 Kg6 47.Kg2 Kf5 48.Rf8+ Ke4 49.e6 Rxd6
50.Bxd6 Bxd6 51.e7 Bxe7 52.Re8 Kd3 53.Rxe7 b4 54.Rc7 b3 55.Rxc6 b2 56.Rb6 Kc2
57.Rxb2+ Kxb2  1/2-1/2

[Event "ch-BEL"]
[Site "Namur BEL"]
[Date "2006.07.06"]
[Round "6"]
[White "Le Quang,K"]
[Black "Meessen,R"]
[Result "0-1"]
[WhiteElo "2309"]
[BlackElo "2316"]

1.c4 e5 2.g3 c6 3.d4 e4 4.Bg2 d5 5.Nc3 Nf6 6.cxd5 cxd5 7.Bg5 Bb4 8.Rc1 O-O
9.Nh3 Nbd7 10.Qb3 Bxc3+ 11.Rxc3 Nb6 12.Nf4 Bd7 13.O-O Ba4 14.Qa3 Bb5 15.Rc5 Ba6
16.Rfc1 h6 17.Bxf6 Qxf6 18.Nxd5 Qxd4 19.Ne7+ Kh8 20.Nf5 Qd2 21.Bxe4 Rfe8
22.R5c2 Qg5 23.Qf3 Rad8 24.Ne3 Qe7 25.Bf5 Nd7 26.Rc7 Ne5 27.Qh5 Qd6 28.Bb1 Ng6
29.Rxf7 Re6 30.Rxg7 Ne5 31.Rh7+ Kg8 32.Qf5 Rg6 33.Rcc7 Bxe2 34.Be4 Qd1+ 35.Nxd1 Rxd1+
36.Kg2 Bf1+ 37.Kg1 Bh3+  0-1

[Event "35th TCh-GRE"]
[Site "Ermioni GRE"]
[Date "2006.07.07"]
[Round "5"]
[White "Dalaklis,G"]
[Black "Nikolaidis,I"]
[Result "0-1"]
[WhiteElo "2178"]
[BlackElo "2538"]

1.c4 e5 2.g3 Nf6 3.Bg2 c6 4.d4 e4 5.Nc3 d5 6.cxd5 cxd5 7.Bg5 Bb4 8.Rc1 O-O
9.Qb3 Bxc3+ 10.Rxc3 Nbd7 11.Nh3 h6 12.Bf4 Nb6 13.Bc7 Qe7 14.Bxb6 axb6 15.O-O Qd6
16.Rfc1 Bg4 17.f3 Bd7 18.Nf2 exf3 19.exf3 Ra4 20.Rd3 Rfa8 21.a3 b5 22.Rd2 b4
23.axb4 Rxb4 24.Qe3 Re8 25.Qd3 Qb6 26.Bf1 Bb5 27.Qc3 Bxf1 28.Rxf1 Rb3 29.Qc5 Qe6
30.Nd1 Rxf3 31.Rxf3 Qe1+ 32.Rf1 Qxd2 33.Nf2 Qxb2 34.Nd3 Qd2 35.Nf4 Qe3+ 36.Kh1 Ra8
37.Qb4 Ra2 38.Qxb7 Qe4+ 39.Kg1 Qxd4+ 40.Kh1 Qe4+ 41.Kg1 g5  0-1

[Event "21st North Sea Cup"]
[Site "Esbjerg DEN"]
[Date "2006.07.10"]
[Round "4"]
[White "Andersen,Dani"]
[Black "Rud,M"]
[Result "0-1"]
[WhiteElo "1908"]
[BlackElo "2195"]

1.c4 e5 2.g3 Nc6 3.Bg2 g6 4.Nc3 Bg7 5.e3 d6 6.Nge2 h5 7.h4 Bg4 8.d3 Qd7 9.f3 Bf5
10.e4 Be6 11.Nd5 Nce7 12.d4 c6 13.Nxe7 Qxe7 14.d5 Bd7 15.Nc3 c5 16.Bg5 f6
17.Be3 Nh6 18.Bh3 f5 19.Qd2 fxe4 20.Bxd7+ Qxd7 21.Nxe4 Nf5 22.O-O-O b5 23.cxb5 Rb8
24.g4 Nd4 25.gxh5 gxh5 26.Qg2 O-O 27.Rdf1 Qxb5 28.Rhg1 Ne2+  0-1

[Event "Open"]
[Site "Condom FRA"]
[Date "2006.07.11"]
[Round "5"]
[White "Serafimov,Di"]
[Black "Van Elst,A"]
[Result "0-1"]
[WhiteElo "2157"]
[BlackElo "2258"]

1.c4 e5 2.g3 Nf6 3.Bg2 Nc6 4.Nc3 Bc5 5.a3 a5 6.e3 O-O 7.Nge2 d6 8.O-O Bf5
9.d4 Ba7 10.h3 h6 11.d5 Ne7 12.e4 Bd7 13.Kh2 Ng6 14.f4 exf4 15.Bxf4 Nxf4
16.Nxf4 Qe7 17.Qd2 Rae8 18.Rae1 Bc8 19.Nd3 Nd7 20.Nb5 Bb6 21.Qc3 Ne5 22.Nxe5 Qxe5
23.Qxe5 Rxe5 24.b4 Bd7 25.Nc3 Rfe8 26.g4 f5 27.gxf5 Bxf5 28.Rc1 Bg6 29.Nb5 axb4
30.axb4 Be3 31.Rc3 Bd2 32.Rc2 Bxb4 33.Nxc7 Rc8 34.Ne6 Bxe4 35.Bxe4 Rxe4 36.Rg1 g5
37.Rf1 Rcxc4 38.Rf8+ Kh7 39.Rcf2 Bc3 40.R8f7+ Kg6 41.Rxb7 Be5+ 42.Kg2 Rc3
43.h4 Rxh4  0-1

[Event "Open"]
[Site "Kavala GRE"]
[Date "2006.07.11"]
[Round "9"]
[White "Mastrovasilis,A"]
[Black "Stojanovic,Mih"]
[Result "1/2-1/2"]
[WhiteElo "2521"]
[BlackElo "2549"]

1.c4 e5 2.g3 Nf6 3.Bg2 Bc5 4.Nc3 O-O 5.e3 d6 6.Nge2 Nc6 7.d3 Re8 8.h3 Ne7
9.e4 c6 10.O-O a6 11.Kh2 b5 12.b3 Ng6 13.Rb1 Rb8 14.b4 Ba7 15.a4 Be6 16.axb5 axb5
17.Ra1 Bb6 18.cxb5 cxb5 19.Bd2 d5 20.Nxb5 dxe4 21.dxe4 Bxf2 22.Rxf2 Rxb5
23.Be1 Qb8 24.Rb1 Rd8 25.Qa4 Ne7 26.Nc3 Rb7 27.Rd2 Rc8 28.Nd5 Nexd5 29.exd5 Bf5
30.Rbb2 Be4 31.b5 Bxg2 32.Kxg2 Rd8 33.Bf2 Nxd5 34.Qe4 Rxb5 35.Rxb5 Qxb5 36.Qxe5 Qc6
37.Kh2 Qe6 38.Qxe6 fxe6 39.Rb2 Nc3 40.Kg2 Nd1 41.Re2 Nxf2 42.Kxf2 Kf7 43.Ra2 Rd3
44.Ra7+ Kf6 45.h4 h5 46.Rb7 g6 47.Rb8 e5 48.Rf8+ Ke6 49.Kg2 Rd2+ 50.Kf3 Rd3+
51.Kg2 Rd7 52.g4 hxg4 53.Kg3 Rf7 54.Rg8 Kf5 55.Ra8 Rf6 56.Ra1 Rf7 57.Ra8 e4
58.Ra5+ Kf6 59.Ra6+ Ke5 60.Ra5+ Kd4 61.Ra4+ Kd3 62.Ra3+ Kd2 63.Ra2+ Kc3 64.Ra3+ Kb4
65.Ra6 Re7 66.Kf2 g3+ 67.Ke3 Rg7 68.Re6 Kc5 69.Rxe4 Rb7 70.Kf3 Rb3+ 71.Kg2 Kd5
72.Rg4 Ke5  1/2-1/2

[Event "Aegean Open"]
[Site "Agios Kirikos GRE"]
[Date "2006.07.12"]
[Round "1"]
[White "Tsanas,A"]
[Black "Davanos,T"]
[Result "1/2-1/2"]
[WhiteElo "2286"]
[BlackElo "1961"]

1.c4 e5 2.g3 Nf6 3.Bg2 Be7 4.Nc3 O-O 5.Nf3 Nc6 6.O-O d5 7.cxd5 Nxd5 8.d3 Be6
9.Bd2 f5 10.Qb3 Qd6 11.Qa4 Kh8 12.Rac1 Bf6 13.Rfd1 a6 14.Nxd5 Bxd5 15.e4 Be6
16.d4 fxe4 17.dxe5 Nxe5 18.Bf4 Nxf3+ 19.Bxf3 Qb6 20.Qxe4 Bxa2 21.Rxc7 Qxb2
22.Rxb7 Qc3 23.Rc7 Qb2 24.Rc2 Qb3 25.Rc7 Rae8 26.Qc6 Qe6 27.Ra7 Bc4 28.Qxe6 Rxe6  1/2-1/2

[Event "6th TCh-Euro u18"]
[Site "Balatonlelle HUN"]
[Date "2006.07.12"]
[Round "1"]
[White "Jarvinen,R"]
[Black "Brener,I"]
[Result "0-1"]
[WhiteElo "1983"]
[BlackElo "2327"]

1.c4 e5 2.g3 Nf6 3.Bg2 c6 4.d4 exd4 5.Qxd4 d5 6.cxd5 cxd5 7.Nf3 Nc6 8.Qa4 Bc5
9.O-O O-O 10.a3 Ne4 11.Nc3 Nxc3 12.bxc3 Be6 13.Rb1 Bb6 14.Nd4 Ne5 15.Bf4 Qf6
16.Rfd1 Rac8 17.Qb3 Nc4 18.h4 h6 19.Rd3 Na5 20.Qb2 Rc4 21.Rbd1 Rfc8 22.Nb5 Rxf4
23.gxf4 Qxf4 24.e3 Qxh4 25.Nd4 Nc4 26.Qb4 Bh3 27.Ne2 Bg4 28.Kf1 Rc6 29.Bxd5 Rf6  0-1

[Event "16th Heart of Finland Open"]
[Site "Jyvaskyla FIN"]
[Date "2006.07.12"]
[Round "3"]
[White "Kiik,K"]
[Black "Joentausta,H"]
[Result "1-0"]
[WhiteElo "2452"]
[BlackElo "2150"]

1.c4 e5 2.g3 Nc6 3.Bg2 g6 4.Nc3 Bg7 5.Rb1 Nge7 6.b4 O-O 7.b5 Nd4 8.e3 Ne6
9.Nge2 f5 10.d4 e4 11.a4 g5 12.f4 exf3 13.Bxf3 f4 14.O-O Ng6 15.d5 Nc5 16.d6 c6
17.exf4 gxf4 18.Ne4 Nxe4 19.Bxe4 Qb6+ 20.Kg2 Qc5 21.Nxf4 Nxf4+ 22.Rxf4 Rxf4
23.Bxf4 Qxc4 24.Qf3 Qxa4 25.Rf1 a5 26.Be5 Qa2+ 27.Rf2 Qxf2+ 28.Qxf2 Bxe5
29.Qf5 Bxd6 30.Qxh7+ Kf8 31.Bg6  1-0

[Event "16th Heart of Finland Open"]
[Site "Jyvaskyla FIN"]
[Date "2006.07.12"]
[Round "3"]
[White "Seeman,T"]
[Black "Luukkonen,T"]
[Result "1-0"]
[WhiteElo "2408"]
[BlackElo "2184"]

1.g3 e5 2.c4 c6 3.d4 d6 4.Nc3 Nd7 5.Nf3 g6 6.Bg2 Bg7 7.O-O Ngf6 8.e4 O-O
9.b3 Qa5 10.Bb2 b5 11.cxb5 cxb5 12.dxe5 dxe5 13.Nd5 Nxd5 14.Qxd5 Nb6 15.Qd6 Bg4
16.Nxe5 Rad8 17.Qe7 Qd2 18.Nxg4 Qxb2 19.e5 Nd7 20.Rad1 Rfe8 21.Qh4 h5 22.Bc6 hxg4
23.Bxd7 Qe2 24.Bxg4  1-0

[Event "Open A"]
[Site "Banska Stiavnica SVK"]
[Date "2006.07.13"]
[Round "6"]
[White "Grecescu,G"]
[Black "Jasny,S"]
[Result "1-0"]
[WhiteElo "2395"]
[BlackElo "2325"]

1.c4 e5 2.g3 Nf6 3.Bg2 g6 4.Nc3 Bg7 5.e4 d6 6.Nge2 c6 7.O-O O-O 8.d3 a6 9.h3 b5
10.Be3 Be6 11.cxb5 axb5 12.f4 Bh6 13.d4 b4 14.Na4 exf4 15.Bxf4 Bxf4 16.Nxf4 Bc4
17.Re1 Bb5 18.b3 Na6 19.Nb2 Ra7 20.Qf3 c5 21.e5 dxe5 22.dxe5 Qd4+ 23.Qf2 Qxf2+
24.Kxf2 Nd7 25.a4 bxa3 26.Rxa3 Re8 27.Ra5 Rb8 28.Bd5 Nf8 29.Nc4 Re7 30.Nd6 Nc7
31.Bxf7+ Rxf7 32.Nxf7 Kxf7 33.Ra7 Rc8 34.e6+ Ke7 35.Nd5+ Kd6 36.Nxc7 Rxc7
37.Rxc7  1-0

[Event "16th Heart of Finland Open"]
[Site "Jyvaskyla FIN"]
[Date "2006.07.13"]
[Round "5"]
[White "Kiik,K"]
[Black "Soppela,J"]
[Result "1-0"]
[WhiteElo "2452"]
[BlackElo "2183"]

1.c4 e5 2.g3 Nf6 3.Bg2 c6 4.a3 g6 5.d4 exd4 6.Qxd4 Bg7 7.Qe5+ Qe7 8.Bf4 Nh5
9.Qxe7+ Kxe7 10.Bg5+ Bf6 11.Nf3 d6 12.Nc3 h6 13.Bxf6+ Nxf6 14.Nd4 Be6 15.Nxe6 fxe6
16.O-O-O Nbd7 17.h3 Ne5 18.b3 Rhd8 19.e4 Nf7 20.Kc2 Rac8 21.Kb2 Rf8 22.Rd2 Rcd8
23.Re1 g5 24.Rh1 e5 25.Nd1 h5 26.Ne3 Nh6 27.b4 Ne8 28.g4 h4 29.Rhd1 Nc7 30.Nf5+ Nxf5
31.exf5 Rf6 32.Re1 Rff8 33.a4 Kf6 34.Red1 Ke7 35.b5 cxb5 36.cxb5 b6 37.Rc1 Ne8
38.Bd5 Rf6 39.Kb3 Rh6 40.f3 Rd7 41.Rc8 Rc7 42.Rc2 Kd7 43.Rxe8 Rxc2 44.Rg8 Rc5
45.Rg7+ Ke8 46.Bc6+ Kf8 47.Rxa7 d5 48.Rd7 d4 49.Kb4 Rc1 50.Bd5 Ke8 51.Be6 Rc3
52.a5 bxa5+ 53.Ka4 d3 54.b6 Rc4+ 55.Kxa5 Rc5+ 56.Kb4 Rc6 57.Kb5 Rc3 58.b7  1-0